LEADER 00896nam0-2200277 --450 001 9910468457403321 005 20230622133935.0 010 $a0881351520 100 $a20210504d1993----kmuy0itay5050 ba 101 0 $aeng 102 $aUS 105 $a 001yy 200 1 $a<>enlightenment of matter$ethe definition of chemistry from Agricola to Lavoisier$fMarco Beretta 210 $aCanton, Mass.$cScience history publications$d1993 215 $aXVI, 396 p., \1! c. di tav. ripieg$cill.$d23 cm. 225 1 $aUppsala studies in history of science$v15 610 0 $aChimica$aStoria$aSec. 18. 676 $a540.14$v19 700 1$aBeretta,$bMarco$f<1962- >$053774 801 0$aIT$bUNINA$gREICAT$2UNIMARC 901 $aBK 912 $a9910468457403321 952 $aDFT A30 BERM 01$b2021/705$fFLFBC 959 $aFLFBC 996 $aEnlightenment of matter$91773612 997 $aUNINA